Essentials of conservation biology. (5th ed.) (Record no. 62831)

MARC details
000 -LEADER
fixed length control field 00757nam a2200169 a 4500
008 - FIXED-LENGTH DATA ELEMENTS--GENERAL INFORMATION
fixed length control field 130425s2010 ||||||||||||||||| || u
020 ## - INTERNATIONAL STANDARD BOOK NUMBER
International Standard Book Number 9780878936403
050 ## - LIBRARY OF CONGRESS CALL NUMBER
Classification number QH 75 Pri
100 ## - MAIN ENTRY--PERSONAL NAME
Personal name Primack, Richard B
245 10 - TITLE STATEMENT
Title Essentials of conservation biology. (5th ed.)
Statement of responsibility, etc. by Richard B. Primack.
250 ## - EDITION STATEMENT
Edition statement 5th ed.
260 ## - PUBLICATION, DISTRIBUTION, ETC.
Place of publication, distribution, etc. Sunderland:
Name of publisher, distributor, etc. Sinauer Associates, Inc
Date of publication, distribution, etc. 2010
300 ## - PHYSICAL DESCRIPTION
Extent xv, 601p. : ill.
650 #0 - SUBJECT ADDED ENTRY--TOPICAL TERM
Topical term or geographic name entry element CONSERVATION BIOLOGY
995 ## -
-- MAIN LIBRARY OPEN ACCESS
-- 743581
-- CBU-MAIN LIBRARY (Kitwe)
-- QH 75 Pri
-- 2
-- AVAILABLE
-- Apr 25, 2013
-- 743581
-- Main Library Open Access Collection
995 ## -
-- MAIN LIBRARY OPEN ACCESS
-- 743580
-- CBU-MAIN LIBRARY (Kitwe)
-- QH 75 Pri
-- 1
-- AVAILABLE
-- Apr 25, 2013
-- 743580
-- Main Library Open Access Collection
999 ## -
-- 62831
-- 62831
Holdings
Withdrawn status Lost status Source of classification or shelving scheme Damaged status Not for loan Permanent Location Current Location Shelving location Date acquired Total Checkouts Full call number Barcode Date last seen Price effective from Koha item type Date last checked out
          CBU-MAIN LIBRARY, KITWE. CBU-MAIN LIBRARY, KITWE.   12/16/2022   QH 75 Pri 743581 12/16/2022 12/16/2022 MONOGRAPH  
          CBU-MAIN LIBRARY, KITWE. CBU-MAIN LIBRARY, KITWE.   12/16/2022 1 QH 75 Pri 743580 05/22/2024 12/16/2022 MONOGRAPH 05/10/2024